[Event "ESP-ch U18"]
[Site "Salobrena"]
[Date "2021.07.30"]
[Round "7"]
[White "Canavate Ros, Adrian"]
[Black "Olivan Lopez, Dario"]
[Result "1-0"]
[WhiteElo "1849"]
[BlackElo "1948"]
[PlyCount "53"]
[EventDate "2021.07.26"]
[EventType "swiss"]
[EventRounds "9"]
[EventCountry "ESP"]
[SourceTitle "CBM 203 Extra"]
[Source "ChessBase"]
[SourceDate "2021.09.30"]
[SourceVersion "1"]
[SourceVersionDate "2021.09.30"]
[SourceQuality "1"]

1. d4 c5 2. e3 Nf6 3. Nf3 cxd4 4. exd4 e6 5. Bd3 d5 6. 0-0 Bd6 7. b3 Nbd7 8. Bb2 Ne4 9. Ne5 Bxe5 10. dxe5 Nec5 11. Re1 Nxd3 12. cxd3 0-0 13. Nd2 f6 14. exf6 Nxf6 15. Nf3 Bd7 16. Rc1 Rc8 17. Qe2 Qa5 18. Ne5 Rxc1 19. Rxc1 Qb6 20. h3 Bb5 21. Qe3 Qa6 22. a4 Be8 23. Ba3 b5 24. Bxf8 Kxf8 25. Qc5+ Kg8 26. Qe7 bxa4 27. Rc7 1-0

[Event "ESP-ch U18"]
[Site "Salobrena"]
[Date "2021.07.27"]
[Round "3"]
[White "Arias Aranda, Guillem"]
[Black "Olivan Lopez, Dario"]
[Result "1/2-1/2"]
[WhiteElo "1757"]
[BlackElo "1948"]
[PlyCount "105"]
[EventDate "2021.07.26"]
[EventType "swiss"]
[EventRounds "9"]
[EventCountry "ESP"]
[SourceTitle "CBM 203 Extra"]
[Source "ChessBase"]
[SourceDate "2021.09.30"]
[SourceVersion "1"]
[SourceVersionDate "2021.09.30"]
[SourceQuality "1"]

1. e4 d6 2. d4 Nf6 3. Nc3 e5 4. Nf3 Nbd7 5. Bc4 Be7 6. 0-0 h6 7. h3 0-0 8. Be3 c6 9. a4 a5 10. Qe2 Qc7 11. d5 Nc5 12. Bxc5 dxc5 13. Rfd1 Nh5 14. dxc6 bxc6 15. Qf1 Nf4 16. Ne2 Ne6 17. c3 Ng5 18. Nxg5 hxg5 19. g4 Be6 20. Ng3 Bxc4 21. Qxc4 g6 22. Rd2 Rad8 23. Rad1 Rxd2 24. Rxd2 Rd8 25. Qe2 Rxd2 26. Qxd2 Qb7 27. Qd1 c4 28. Qc2 Bc5 29. Kf1 Qb3 30. Qxb3 cxb3 31. Ne2 Ba3 32. Nc1 Bxb2 33. Nxb3 Bxc3 34. Ke2 Kf8 35. Kd3 Be1 36. Kc4 Ke7 37. Kc5 Kd7 38. Kb6 Kd6 39. Nxa5 Bxa5+ 40. Kxa5 Kc5 41. f3 Kd4 42. Kb6 c5 43. a5 c4 44. a6 c3 45. a7 c2 46. a8Q c1Q 47. Qd5+ Ke3 48. Qxf7 Qb2+ 49. Kc6 Qc3+ 50. Kd6 Qd4+ 51. Kc6 Qa4+ 52. Kd6 Qd4+ 53. Ke6 1/2-1/2

[Event "Aragon-chT Preferente"]
[Site "Aragon"]
[Date "2021.05.29"]
[Round "9.39"]
[White "Garcia Monterde, Francisco Jose"]
[Black "Olivan Lopez, Dario"]
[Result "0-1"]
[WhiteElo "1850"]
[BlackElo "1910"]
[PlyCount "118"]
[EventDate "2021.03.13"]
[EventType "team-tourn"]
[EventRounds "9"]
[EventCountry "ESP"]
[SourceTitle "EXT 2024"]
[Source "ChessBase"]
[SourceDate "2023.10.10"]
[SourceVersion "1"]
[SourceVersionDate "2023.10.10"]
[SourceQuality "1"]
[WhiteTeam "IberCaja II"]
[BlackTeam "Utebo San Lamberto"]
[WhiteTeamCountry "ESP"]
[BlackTeamCountry "ESP"]

1. Nf3 Nf6 2. g3 g6 3. Bg2 Bg7 4. c4 c5 5. Nc3 Nc6 6. d4 cxd4 7. Nxd4 0-0 8. 0-0 Ng4 9. e3 Nge5 10. b3 d6 11. Bb2 Bg4 12. f3 Bd7 13. Nce2 Qc8 14. Nxc6 bxc6 15. Qd2 Rb8 16. Rac1 Qa6 17. Ba1 Qb6 18. c5 Qb4 19. Qxb4 Rxb4 20. cxd6 exd6 21. e4 d5 22. exd5 cxd5 23. f4 Ng4 24. Bxg7 Kxg7 25. Rfd1 Ne3 26. Rd3 Nxg2 27. Kxg2 Bf5 28. Rd4 Rb6 29. Rcd1 Bg4 30. R1d2 Rd8 31. h3 Be6 32. g4 h5 33. Kf3 hxg4+ 34. hxg4 Rc6 35. R4d3 Rh8 36. Kg3 Rcc8 37. Nd4 Rh1 38. f5 gxf5 39. Nxf5+ Bxf5 40. gxf5 Rcc1 41. Rxd5 Rcf1 42. Rg2 Kf6 43. Rd6+ Kxf5 44. Rd7 Kg5 45. Rxa7 f5 46. Rg7+ Kf6 47. Rg8 f4+ 48. Kg4 Kf7 49. Rg5 Rh8 50. Rf5+ Ke6 51. Re2+ Kd6 52. Rg2 Rg8+ 53. Rg5 Rxg5+ 54. Kxg5 f3 55. Rd2+ Ke5 56. Kg4 Ke4 57. Rd8 Rg1+ 58. Kh3 f2 59. Re8+ Kd5 0-1